000
00238nam a2200097Ia 4500
008
120527s9999 xx 000 0 und d
100
_a
Olopade D. O.
245
_b
Prof. Buba Garegy Bajoga. A born Administrator.
260
_b
UP
942
_c
BK
999
_c
5917
_d
5917